000 01569nam a2200337 c 4500
003 BLK
005 20180718112844.0
008 180410b bul|||||r ||||||| ||bul||
010 _aKNG00171057000
040 _aBLK
041 _aBUL
_cBUL
080 _aАнглийска литература
_b821.111
_x(73) --34
_z821.111(73) --34
700 1 _aХоторн, Натаниъл
_eпреразк.
_9336021
700 1 _aБояджиев, Владимир
_eпрев. от англ.
_9381960
700 1 _aКьосев, Борислав Иванов
_eхудож.
_9327928
700 1 _aКлисурска, Наталия
_eс послесл. от
_9381961
700 1 _aHawthorne, Nathaniel
_e*
_912585
139 _aХоторн, Натаниъл
_bХ 70
245 1 0 _aКнига на чудесата
_bСтарогр. митове и легенди
_cпреразк. Натаниъл Хоторн; прев. от англ. Владимир Бояджиев; худож. Борислав Иванов Кьосев; с послесл. от Наталия Клисурска; * Nathaniel Hawthorne.
257 _aUSA
260 София
_bОтечество
_c1985
300 _a263 с.
_bс ил.
_c21 см
380 _aX
490 1 _aФолклор и епос
500 _aОриг. загл. A wonder book / Nathaniel Hawthorne. - 80 115 тир.
852 _aЦб 139852
856 4 _qpdf
_u
856 4 _qpdf
_u
942 _cKNG
_n0
_01
944 _aCR
_c11.02.2015
_l11.02.2015 - от С1,Р / 11.02.2015
_kНаталия_Любомирова
944 _aED
_c11.02.2015
_l11.02.2015 - от С1,Р / 11.02.2015
_k
999 _c163604
_d163604